<?xml version="1.0" encoding="UTF-8"?>
<record
    xmlns:xsi="http://www.w3.org/2001/XMLSchema-instance"
    xsi:schemaLocation="http://www.loc.gov/MARC21/slim http://www.loc.gov/standards/marcxml/schema/MARC21slim.xsd"
    xmlns="http://www.loc.gov/MARC21/slim">

  <leader>00372nam a22001577a 4500</leader>
  <controlfield tag="003">SGT</controlfield>
  <datafield tag="020" ind1=" " ind2=" ">
    <subfield code="a">9788184736595</subfield>
  </datafield>
  <datafield tag="082" ind1=" " ind2=" ">
    <subfield code="a">611,ERO</subfield>
  </datafield>
  <datafield tag="100" ind1=" " ind2=" ">
    <subfield code="a">EROSCHENKO,VICTOR P</subfield>
  </datafield>
  <datafield tag="245" ind1=" " ind2=" ">
    <subfield code="a">DIFIORE'S ATLAS OF HISTOLOGY: WITH FUNCTIONAL CORRELATIONS</subfield>
  </datafield>
  <datafield tag="250" ind1=" " ind2=" ">
    <subfield code="a">12TH</subfield>
  </datafield>
  <datafield tag="260" ind1=" " ind2=" ">
    <subfield code="a">NEW DELHI</subfield>
    <subfield code="b">WOLTERS KLUWER</subfield>
    <subfield code="c">2005</subfield>
  </datafield>
  <datafield tag="300" ind1=" " ind2=" ">
    <subfield code="a">603</subfield>
  </datafield>
  <datafield tag="650" ind1=" " ind2=" ">
    <subfield code="a">ATLAS</subfield>
  </datafield>
  <datafield tag="942" ind1=" " ind2=" ">
    <subfield code="2">ddc</subfield>
    <subfield code="c">BK</subfield>
    <subfield code="0">1</subfield>
  </datafield>
  <datafield tag="952" ind1=" " ind2=" ">
    <subfield code="0">0</subfield>
    <subfield code="1">0</subfield>
    <subfield code="2">ddc</subfield>
    <subfield code="4">0</subfield>
    <subfield code="7">0</subfield>
    <subfield code="a">SSSL</subfield>
    <subfield code="b">SSSL</subfield>
    <subfield code="c">TXT</subfield>
    <subfield code="d">2016-09-29</subfield>
    <subfield code="e">AHUJA BOOKS</subfield>
    <subfield code="g">895.00</subfield>
    <subfield code="i">SGTU</subfield>
    <subfield code="l">0</subfield>
    <subfield code="o">611,ERO</subfield>
    <subfield code="p">AG2036</subfield>
    <subfield code="r">2016-09-29 00:00:00</subfield>
    <subfield code="w">2016-08-01</subfield>
    <subfield code="y">BK</subfield>
    <subfield code="k">7116</subfield>
  </datafield>
  <datafield tag="952" ind1=" " ind2=" ">
    <subfield code="0">0</subfield>
    <subfield code="1">0</subfield>
    <subfield code="2">ddc</subfield>
    <subfield code="4">0</subfield>
    <subfield code="7">0</subfield>
    <subfield code="a">SSSL</subfield>
    <subfield code="b">SSSL</subfield>
    <subfield code="c">TXT</subfield>
    <subfield code="d">2016-09-29</subfield>
    <subfield code="e">AHUJA BOOKS</subfield>
    <subfield code="g">895.00</subfield>
    <subfield code="i">SGTU</subfield>
    <subfield code="l">0</subfield>
    <subfield code="o">611,ERO</subfield>
    <subfield code="p">AG2037</subfield>
    <subfield code="r">2016-09-29 00:00:00</subfield>
    <subfield code="w">2016-08-01</subfield>
    <subfield code="y">BK</subfield>
    <subfield code="k">7116</subfield>
  </datafield>
  <datafield tag="952" ind1=" " ind2=" ">
    <subfield code="0">0</subfield>
    <subfield code="1">0</subfield>
    <subfield code="2">ddc</subfield>
    <subfield code="4">0</subfield>
    <subfield code="7">0</subfield>
    <subfield code="a">SSSL</subfield>
    <subfield code="b">SSSL</subfield>
    <subfield code="c">TXT</subfield>
    <subfield code="d">2016-09-29</subfield>
    <subfield code="e">AHUJA BOOKS</subfield>
    <subfield code="g">895.00</subfield>
    <subfield code="i">SGTU</subfield>
    <subfield code="l">0</subfield>
    <subfield code="o">611,ERO</subfield>
    <subfield code="p">AG2038</subfield>
    <subfield code="r">2016-09-29 00:00:00</subfield>
    <subfield code="w">2016-08-01</subfield>
    <subfield code="y">BK</subfield>
    <subfield code="k">7116</subfield>
  </datafield>
  <datafield tag="952" ind1=" " ind2=" ">
    <subfield code="0">0</subfield>
    <subfield code="1">0</subfield>
    <subfield code="2">ddc</subfield>
    <subfield code="4">0</subfield>
    <subfield code="7">0</subfield>
    <subfield code="a">SSSL</subfield>
    <subfield code="b">SSSL</subfield>
    <subfield code="c">TXT</subfield>
    <subfield code="d">2016-09-29</subfield>
    <subfield code="e">AHUJA BOOKS</subfield>
    <subfield code="g">895.00</subfield>
    <subfield code="i">SGTU</subfield>
    <subfield code="l">0</subfield>
    <subfield code="o">611,ERO</subfield>
    <subfield code="p">AG2039</subfield>
    <subfield code="r">2016-09-29 00:00:00</subfield>
    <subfield code="w">2016-08-01</subfield>
    <subfield code="y">BK</subfield>
    <subfield code="k">7116</subfield>
  </datafield>
  <datafield tag="952" ind1=" " ind2=" ">
    <subfield code="0">0</subfield>
    <subfield code="1">0</subfield>
    <subfield code="2">ddc</subfield>
    <subfield code="4">0</subfield>
    <subfield code="7">0</subfield>
    <subfield code="a">SSSL</subfield>
    <subfield code="b">SSSL</subfield>
    <subfield code="c">TXT</subfield>
    <subfield code="d">2016-09-29</subfield>
    <subfield code="e">AHUJA BOOKS</subfield>
    <subfield code="g">895.00</subfield>
    <subfield code="i">SGTU</subfield>
    <subfield code="l">1</subfield>
    <subfield code="o">611,ERO</subfield>
    <subfield code="p">AG2040</subfield>
    <subfield code="r">2022-04-04 00:00:00</subfield>
    <subfield code="s">2022-03-19</subfield>
    <subfield code="w">2016-08-01</subfield>
    <subfield code="y">BK</subfield>
    <subfield code="k">7116</subfield>
  </datafield>
  <datafield tag="952" ind1=" " ind2=" ">
    <subfield code="0">0</subfield>
    <subfield code="1">0</subfield>
    <subfield code="2">ddc</subfield>
    <subfield code="4">0</subfield>
    <subfield code="7">0</subfield>
    <subfield code="a">SSSL</subfield>
    <subfield code="b">SSSL</subfield>
    <subfield code="c">TXT</subfield>
    <subfield code="d">2016-09-29</subfield>
    <subfield code="e">AHUJA BOOKS</subfield>
    <subfield code="g">895.00</subfield>
    <subfield code="i">SGTU</subfield>
    <subfield code="l">0</subfield>
    <subfield code="o">611,ERO</subfield>
    <subfield code="p">AG2041</subfield>
    <subfield code="r">2016-09-29 00:00:00</subfield>
    <subfield code="w">2016-08-01</subfield>
    <subfield code="y">BK</subfield>
    <subfield code="k">7116</subfield>
  </datafield>
  <datafield tag="952" ind1=" " ind2=" ">
    <subfield code="0">0</subfield>
    <subfield code="1">0</subfield>
    <subfield code="2">ddc</subfield>
    <subfield code="4">0</subfield>
    <subfield code="7">0</subfield>
    <subfield code="a">SSSL</subfield>
    <subfield code="b">SSSL</subfield>
    <subfield code="c">TXT</subfield>
    <subfield code="d">2016-09-29</subfield>
    <subfield code="e">AHUJA BOOKS</subfield>
    <subfield code="g">895.00</subfield>
    <subfield code="i">SGTU</subfield>
    <subfield code="l">0</subfield>
    <subfield code="o">611,ERO</subfield>
    <subfield code="p">AG2042</subfield>
    <subfield code="r">2016-09-29 00:00:00</subfield>
    <subfield code="w">2016-08-01</subfield>
    <subfield code="y">BK</subfield>
    <subfield code="k">7116</subfield>
  </datafield>
  <datafield tag="952" ind1=" " ind2=" ">
    <subfield code="0">0</subfield>
    <subfield code="1">0</subfield>
    <subfield code="2">ddc</subfield>
    <subfield code="4">0</subfield>
    <subfield code="7">0</subfield>
    <subfield code="a">SSSL</subfield>
    <subfield code="b">SSSL</subfield>
    <subfield code="c">TXT</subfield>
    <subfield code="d">2016-09-29</subfield>
    <subfield code="e">AHUJA BOOKS</subfield>
    <subfield code="g">895.00</subfield>
    <subfield code="i">SGTU</subfield>
    <subfield code="l">0</subfield>
    <subfield code="o">611,ERO</subfield>
    <subfield code="p">AG2043</subfield>
    <subfield code="r">2016-09-29 00:00:00</subfield>
    <subfield code="w">2016-08-01</subfield>
    <subfield code="y">BK</subfield>
    <subfield code="k">7116</subfield>
  </datafield>
  <datafield tag="952" ind1=" " ind2=" ">
    <subfield code="0">0</subfield>
    <subfield code="1">0</subfield>
    <subfield code="2">ddc</subfield>
    <subfield code="4">0</subfield>
    <subfield code="7">1</subfield>
    <subfield code="a">SSSL</subfield>
    <subfield code="b">SSSL</subfield>
    <subfield code="c">REF</subfield>
    <subfield code="d">2016-09-29</subfield>
    <subfield code="e">AHUJA BOOKS</subfield>
    <subfield code="g">895.00</subfield>
    <subfield code="i">SGTU</subfield>
    <subfield code="o">611,ERO</subfield>
    <subfield code="p">AG2044</subfield>
    <subfield code="r">2016-09-29 00:00:00</subfield>
    <subfield code="w">2016-08-01</subfield>
    <subfield code="y">BK</subfield>
    <subfield code="k">7116</subfield>
  </datafield>
  <datafield tag="999" ind1=" " ind2=" ">
    <subfield code="c">9977</subfield>
    <subfield code="d">9977</subfield>
  </datafield>
</record>
